Heat and mass transfer (Record no. 5861)

000 -LEADER
fixed length control field 00529nam a2200205 4500
001 - CONTROL NUMBER
control field 5861
003 - CONTROL NUMBER IDENTIFIER
control field BD-DhUET
008 - FIXED-LENGTH DATA ELEMENTS--GENERAL INFORMATION
fixed length control field 700409m19679999is a b 000 0 eng
040 ## - CATALOGING SOURCE
Original cataloging agency DLC
Transcribing agency DLC
Modifying agency BD-DhUET
082 00 - DEWEY DECIMAL CLASSIFICATION NUMBER
Classification number 621.011
Item number ECK/1959
100 ## - MAIN ENTRY--PERSONAL NAME
Personal name Eckert, R. R. G.
245 00 - TITLE STATEMENT
Title Heat and mass transfer
250 ## - EDITION STATEMENT
Edition statement 2nd ed.
260 ## - PUBLICATION, DISTRIBUTION, ETC. (IMPRINT)
Place of publication, distribution, etc. New York
Name of publisher, distributor, etc. McGraw-Hill
Date of publication, distribution, etc. 1959
300 ## - PHYSICAL DESCRIPTION
Extent xiv, 530p.
490 1# - SERIES STATEMENT
Series statement McGraw-Hill series in mechanical engineering
650 #0 - SUBJECT ADDED ENTRY--TOPICAL TERM
Topical term or geographic name as entry element Heat-Transmission
700 ## - ADDED ENTRY--PERSONAL NAME
Personal name Drake, Robert M.
942 ## - ADDED ENTRY ELEMENTS (KOHA)
Koha item type General Book
Holdings
Sublocation or collection (holding branch) Koha item type Damaged status Not for loan Koha issues (times borrowed) Date acquired Koha date last seen Source of classification or shelving scheme Copy number Location (home branch) Koha date last borrowed Shelving location Withdrawn status Koha full call number Price effective from Koha normalized classification for sorting Lost status Piece designation (barcode)
Central Library, BUETGeneral Book   2014-11-292014-11-29  Central Library, BUET Circulation section 621.011/ECK/19592014-11-29621_011000000000000_ECK_1959 36668
Central Library, BUETGeneral Book   2014-12-032014-12-03 2Central Library, BUET Circulation section 621.011/ECK/19592014-12-03621_000000000000000_011ECK1959 14884
Central Library, BUETGeneral Book   2015-04-122015-04-12 3Central Library, BUET Circulation section 621.011/ECK/19592015-04-12621_011000000000000_ECK_1959 11302
Central Library, BUETGeneral Book   2015-04-122015-04-12 4Central Library, BUET Circulation section 621.011/ECK/19592015-04-12621_011000000000000_ECK_1959 31276
Central Library, BUETGeneral Book   2015-04-122015-04-12 5Central Library, BUET Circulation section 621.011/ECK/19592015-04-12621_011000000000000_ECK_1959 31274
Central Library, BUETGeneral Book   2015-04-122015-04-12 6Central Library, BUET Circulation section 621.011/ECK/19592015-04-12621_011000000000000_ECK_1959 31271
Central Library, BUETGeneral Book   2015-04-122015-04-12 7Central Library, BUET Circulation section 621.011/ECK/19592015-04-12621_011000000000000_ECK_1959 31272
Central Library, BUETGeneral Book  12015-04-132021-11-28 8Central Library, BUET2020-03-02Circulation section 621.011/ECK/19592015-04-13621_011000000000000_ECK_1959 31277
Central Library, BUETGeneral Book   2015-04-132015-04-13 9Central Library, BUET Circulation section 621.011/ECK/19592015-04-13621_011000000000000_ECK_1959 11301
Central Library, BUETGeneral Book   2015-04-132015-04-13 10Central Library, BUET Circulation section 621.011/ECK/19592015-04-13621_011000000000000_ECK_1959 11303
Central Library, BUETGeneral Book   2015-04-132015-04-13 11Central Library, BUET Circulation section 621.011/ECK/19592015-04-13621_011000000000000_ECK_1959 24625
Central Library, BUETGeneral Book   2015-04-132015-04-13 12Central Library, BUET Circulation section 621.011/ECK/19592015-04-13621_011000000000000_ECK_1959 7652
Central Library, BUETGeneral Book   2015-04-132015-04-13 13Central Library, BUET Circulation section 621.011/ECK/19592015-04-13621_011000000000000_ECK_1959 24320
Central Library, BUETGeneral Book   2015-04-132015-04-13 14Central Library, BUET Circulation section 621.011/ECK/19592015-04-13621_011000000000000_ECK_1959 24976
Central Library, BUETGeneral Book   2015-04-132015-04-13 15Central Library, BUET Circulation section 621.011/ECK/19592015-04-13621_011000000000000_ECK_1959 31275
Central Library, BUETGeneral Book   2015-06-162015-06-16 16Central Library, BUET Reading section 621.011/ECK/19592015-06-16621_011000000000000_ECK_1959 7655